00438cam a2200157ua 4500001000400000008003900004040000900043082001000052245006000062250000900122260003900131300001700170653002200187653004000209700003100249823110420n ii |||gr||||Z||||||eng cMAIN a320.31 aComparative government and politicscby S.R. Maheshwari a2nd. aAgra:bLakshmi narain agarwal,985. a223p.:c8cm. aPolitical science aComparative government and politics aMaheshwari, S.R.,eAuthor.